Statistics for English Contractions #2

Click here to take the quiz!

General Stats

  • This quiz has been taken 4,504 times
    (3,075 since last reset)
  • The average score is 31 of 37

Answer Stats

HintAnswer% Correct
Isn'tIs not
99%
Wasn'tWas not
99%
'CauseBecause
98%
Haven'tHave not
98%
Should'veShould have
98%
Would'veWould have
98%
We'veWe have
97%
Won'tWill not
95%
GonnaGoing to
93%
Doesn'tDoes not
90%
Hasn'tHas not
90%
Musn'tMust not
89%
Didn'tDid not
88%
Hadn'tHad not
88%
Mightn'tMight not
88%
WannaWant to
88%
We'd'veWe would have
88%
Aren'tAre not
86%
GimmeGive me
85%
They'dThey would
85%
Weren'tWere not
84%
What'veWhat have
83%
Who'sWho is
83%
Cap'nCaptain
80%
What'llWhat will
80%
You'reYou are
80%
You'llYou will
77%
She'llShe will
76%
He'dHe had
74%
SrSenior
74%
He'sHe has
73%
She'dShe had
73%
E'erEver
71%
She'sShe has
71%
He'llHe will
70%
MrsMistress
60%
Po'Poor
34%

Score Distribution

Percentile by Number Answered

Percent of People with Each Score

Your Score History

You have not taken this quiz since the last reset